000 00435nam a2200181Ia 4500
005 20250423095304.0
008 250422s9999 xx 000 0 und d
020 _a0-13-525833-2
050 _aQA 402.3 .Z475/
100 _aKemin Zhou
245 0 _aEssentials of Robust Control
260 _a New Jersey
260 _bPrentice-Hall, Inc. New Jersey
260 _c1998
300 _a411 p
650 _aMathmatics
942 _cBK
999 _c29818
_d29818